[Event "Reykjavik Open 2014"]
[Site "Harpa - reykjavik"]
[Date "2014.03.05"]
[Round "3.7"]
[White "Aravindh, Chithambaram Vr."]
[Black "L'ami, Erwin"]
[Result "0-1"]
[LiveChessVersion "1.4.2"]
[BlackElo "2646"]
[WhiteElo "2395"]

1. e4 {[%clk 1:30:49]} e5 {[%clk 1:27:37]} 2. Nf3 {[%clk 1:30:55]} Nc6
{[%clk 1:28:00]} 3. Bb5 {[%clk 1:31:04]} Nf6 {[%clk 1:28:15]} 4. d3
{[%clk 1:31:10]} Bc5 {[%clk 1:28:32]} 5. c3 {[%clk 1:30:20]} O-O {[%clk 1:28:12]}
6. O-O {[%clk 1:30:35]} d6 {[%clk 1:28:18]} 7. Bg5 {[%clk 1:29:51]} h6
{[%clk 1:28:19]} 8. Bh4 {[%clk 1:30:11]} g5 {[%clk 1:28:09]} 9. Bg3
{[%clk 1:30:29]} Nh5 {[%clk 1:27:48]} 10. d4 {[%clk 1:30:10]} Bb6
{[%clk 1:21:28]} 11. a4 {[%clk 1:19:11]} a6 {[%clk 1:13:18]} 12. Bxc6
{[%clk 1:07:34]} bxc6 {[%clk 1:13:26]} 13. dxe5 {[%clk 1:01:51]} Nxg3
{[%clk 1:13:15]} 14. hxg3 {[%clk 1:02:11]} g4 {[%clk 1:12:17]} 15. Nh4
{[%clk 0:58:21]} dxe5 {[%clk 1:11:45]} 16. Nd2 {[%clk 0:57:08]} Qd3
{[%clk 1:04:31]} 17. Kh2 {[%clk 0:45:25]} Be6 {[%clk 1:02:15]} 18. Qe1
{[%clk 0:30:32]} Rad8 {[%clk 0:56:15]} 19. Rd1 {[%clk 0:30:24]} Rd7
{[%clk 0:50:51]} 20. a5 {[%clk 0:27:21]} Ba7 {[%clk 0:49:13]} 21. f4
{[%clk 0:24:56]} Rfd8 {[%clk 0:46:12]} 22. f5 {[%clk 0:25:13]} Bb3
{[%clk 0:45:40]} 23. Nxb3 {[%clk 0:25:38]} Qxd1 {[%clk 0:46:03]} 0-1

[Event "Reykjavik Open 2014"]
[Site "Harpa - reykjavik"]
[Date "2014.03.05"]
[Round "3.8"]
[White "Van Kampen, Robin"]
[Black "Thorfinnsson, Bjorn"]
[Result "1-0"]
[WhiteElo "2603"]
[BlackElo "2389"]
[Annotator "peturla"]
[PlyCount "157"]
[EventDate "2014.??.??"]
[TimeControl "6000+1495"]
[WhiteClock "0:12:51"]
[BlackClock "0:11:19"]

1. e4 e5 2. Nf3 Nc6 3. Bb5 Nge7 4. Nc3 d6 5. d4 Bd7 6. d5 Nb8 7. Be3 Ng6 8. h4
h5 9. Be2 Bg4 10. g3 Nd7 11. Nd2 Bxe2 12. Qxe2 Nb6 13. a4 Qd7 14. a5 Nc8 15. a6
c5 16. axb7 Qxb7 17. Qa6 Rb8 18. Nc4 Qd7 19. Qc6 f5 20. Qxd7+ Kxd7 21. Ra6 Nge7
22. Bg5 fxe4 23. Bxe7 Bxe7 24. Nxe4 Rb7 25. Ke2 Nb6 26. Na5 Rc7 27. c4 Rb8 28.
Nc3 Ke8 29. b3 Nc8 30. Nb5 Rd7 31. Ra1 Bd8 32. Nc6 Rbb7 33. Ncxa7 Nxa7 34. Rxa7
Rxa7 35. Nxa7 g5 36. hxg5 Bxg5 37. Nb5 h4 38. Rh1 hxg3 39. fxg3 Be7 40. Kd3 Bf8
41. Ra1 Rg7 42. Rg1 Rg4 43. Nc3 Rd4+ 44. Ke2 Bh6 45. Rd1 Rg4 46. Kf3 Rg7 47.
Ne4 Rf7+ 48. Ke2 Bf8 49. Ra1 Rb7 50. Ra3 Kf7 51. Kf3 Kg6 52. Kg4 Rb6 53. Nc3
Rb7 54. Nb5 Rf7 55. Ra2 Rf1 56. Nc3 Re1 57. Re2 Rc1 58. Ne4 Rb1 59. Ra2 Rxb3
60. Nxd6 Bxd6 61. Ra6 Rc3 62. Rxd6+ Kf7 63. Kf5 Rxc4 64. Rd7+ Ke8 65. Rh7 e4
66. Ke6 Kf8 67. Rf7+ Kg8 68. Rf4 Rd4 69. d6 Kg7 70. d7 c4 71. Ke7 c3 72. d8=Q
Rxd8 73. Kxd8 e3 74. Rf1 Kg6 75. Ke7 Kg5 76. Re1 c2 77. Ke6 Kg4 78. Ke5 e2 79.
Ke4 1-0

[Event "Reykjavik Open 2014"]
[Site "Harpa - reykjavik"]
[Date "2014.03.05"]
[Round "3.9"]
[White "Soors, Stef"]
[Black "Grandelius, Nils"]
[Result "0-1"]
[WhiteElo "2394"]
[BlackElo "2600"]
[Annotator "peturla"]
[PlyCount "108"]
[EventDate "2014.??.??"]
[TimeControl "6000+1775"]
[WhiteClock "0:02:14"]
[BlackClock "0:15:53"]

1. e4 c5 2. c3 Nf6 3. e5 Nd5 4. d4 cxd4 5. Nf3 Nc6 6. cxd4 d6 7. Bc4 dxe5 8.
dxe5 Nb6 9. Qxd8+ Nxd8 10. Bb3 Be6 11. Nc3 Rc8 12. Be3 Nc4 13. Bxc4 Bxc4 14.
Bxa7 Nc6 15. Be3 Nb4 16. b3 Ba6 17. Kd2 g5 18. h3 Bg7 19. a3 Rd8+ 20. Kc1 Nd3+
21. Kc2 Nxe5 22. Nxe5 Bxe5 23. Rhd1 Rxd1 24. Rxd1 f6 25. Bc5 Kf7 26. b4 Rc8 27.
Na4 Rc7 28. Kb3 Be2 29. Re1 Bd3 30. Nb6 Bf5 31. a4 Be6+ 32. Ka3 Bd6 33. Rc1 h5
34. a5 h4 35. Ka4 f5 36. f3 Bg3 37. Kb5 g4 38. hxg4 fxg4 39. fxg4 Bxg4 40. Rc2
Bf5 41. Rd2 Be4 42. Kc4 Rc6 43. Nd5 Rg6 44. Bd4 Rg4 45. b5 Be1 46. Re2 Bxa5 47.
Ne3 Rf4 48. Ra2 Be1 49. Be5 Rf2 50. Ra1 Re2 51. Kd4 Bg6 52. Rd1 Bf2 53. Bf4
Bxe3+ 54. Bxe3 e5+ 0-1

[Event "Reykjavik Open 2014"]
[Site "Harpa - reykjavik"]
[Date "2014.03.05"]
[Round "3.10"]
[White "Ramirez, Alejandro"]
[Black "Abrahamyan, Tatev"]
[Result "1-0"]
[LiveChessVersion "1.4.2"]
[BlackElo "2376"]
[WhiteElo "2599"]

1. Nf3 {[%clk 1:30:55]} c5 {[%clk 1:30:32]} 2. c4 {[%clk 1:30:49]} Nc6
{[%clk 1:30:56]} 3. Nc3 {[%clk 1:31:08]} e5 {[%clk 1:30:26]} 4. e3
{[%clk 1:29:50]} Nf6 {[%clk 1:16:54]} 5. d4 {[%clk 1:30:05]} cxd4
{[%clk 1:16:09]} 6. exd4 {[%clk 1:30:29]} e4 {[%clk 1:16:03]} 7. Ng5
{[%clk 1:28:51]} Bb4 {[%clk 1:14:36]} 8. d5 {[%clk 1:27:57]} Ne5 {[%clk 1:06:30]}
9. Qd4 {[%clk 1:24:00]} Qe7 {[%clk 1:04:22]} 10. Ngxe4 {[%clk 1:07:41]} Nxe4
{[%clk 0:56:08]} 11. Qxe4 {[%clk 1:08:03]} f5 {[%clk 0:56:31]} 12. Qe2
{[%clk 1:04:26]} f4 {[%clk 0:51:35]} 13. Bd2 {[%clk 0:41:53]} O-O
{[%clk 0:48:16]} 14. O-O-O {[%clk 0:37:22]} d6 {[%clk 0:36:05]} 15. a3
{[%clk 0:35:32]} Ba5 {[%clk 0:35:39]} 16. b4 {[%clk 0:23:53]} Bb6
{[%clk 0:32:17]} 17. Na4 {[%clk 0:20:02]} Bd7 {[%clk 0:26:26]} 18. Nxb6
{[%clk 0:19:11]} axb6 {[%clk 0:26:52]} 19. Kb2 {[%clk 0:19:11]} b5
{[%clk 0:15:58]} 20. cxb5 {[%clk 0:18:55]} Rfc8 {[%clk 0:16:16]} 21. Qe1
{[%clk 0:15:27]} Bf5 {[%clk 0:14:13]} 22. Bc3 {[%clk 0:14:29]} b6
{[%clk 0:10:48]} 23. Qd2 {[%clk 0:08:23]} Qd7 {[%clk 0:04:18]} 24. Be2
{[%clk 0:06:53]} Nc4+ {[%clk 0:03:12]} 25. Bxc4 {[%clk 0:07:18]} Rxc4
{[%clk 0:03:41]} 26. Rc1 {[%clk 0:02:44]} Qxb5 {[%clk 0:03:36]} 27. Qd1
{[%clk 0:03:04]} Be4 {[%clk 0:02:12]} 28. Re1 {[%clk 0:03:18]} Rac8
{[%clk 0:01:40]} 29. Qg4 {[%clk 0:02:53]} Bg6 {[%clk 0:01:45]} 30. Re7
{[%clk 0:01:43]} Rxc3 {[%clk 0:01:57]} 31. Qxc8+ {[%clk 0:01:57]} 1-0

[Event "Reykjavik Open 2014"]
[Site "Harpa - reykjavik"]
[Date "2014.03.05"]
[Round "3.11"]
[White "Arngrimsson, Dagur"]
[Black "Hansen, Eric"]
[Result "0-1"]
[LiveChessVersion "1.4.2"]
[BlackElo "2587"]
[WhiteElo "2382"]

1. d4 {[%clk 1:28:31]} Nf6 {[%clk 1:30:35]} 2. c4 {[%clk 1:28:54]} g6
{[%clk 1:30:06]} 3. Nc3 {[%clk 1:29:12]} d5 {[%clk 1:30:27]} 4. Nf3
{[%clk 1:29:36]} Bg7 {[%clk 1:30:52]} 5. Qb3 {[%clk 1:30:01]} dxc4
{[%clk 1:30:39]} 6. Qxc4 {[%clk 1:30:21]} O-O {[%clk 1:30:35]} 7. e4
{[%clk 1:30:45]} Bg4 {[%clk 1:29:59]} 8. Be3 {[%clk 1:29:59]} Nfd7
{[%clk 1:29:23]} 9. O-O-O {[%clk 1:29:58]} Nb6 {[%clk 1:28:54]} 10. Qc5
{[%clk 1:26:02]} e5 {[%clk 1:25:44]} 11. d5 {[%clk 1:20:39]} N8d7
{[%clk 1:25:34]} 12. Qa3 {[%clk 1:18:44]} Bxf3 {[%clk 0:50:22]} 13. gxf3
{[%clk 1:18:31]} Qh4 {[%clk 0:46:35]} 14. Kb1 {[%clk 1:10:01]} Rfc8
{[%clk 0:46:41]} 15. Qb3 {[%clk 1:03:51]} Bh6 {[%clk 0:46:04]} 16. Bxh6
{[%clk 1:00:31]} Qxh6 {[%clk 0:46:27]} 17. h4 {[%clk 1:00:24]} Qf4
{[%clk 0:39:42]} 18. Ne2 {[%clk 0:56:26]} Qf6 {[%clk 0:40:07]} 19. h5
{[%clk 0:55:01]} c6 {[%clk 0:39:54]} 20. hxg6 {[%clk 0:52:31]} hxg6
{[%clk 0:40:23]} 21. d6 {[%clk 0:49:17]} Kg7 {[%clk 0:36:19]} 22. Ng3
{[%clk 0:40:08]} Rh8 {[%clk 0:35:56]} 23. Bh3 {[%clk 0:35:14]} Rad8
{[%clk 0:35:33]} 24. Rdg1 {[%clk 0:26:45]} Kf8 {[%clk 0:33:57]} 25. Qa3
{[%clk 0:18:57]} Nc4 {[%clk 0:24:48]} 26. Qxa7 {[%clk 0:15:13]} Qxd6
{[%clk 0:24:10]} 27. Bxd7 {[%clk 0:12:08]} Rxh1 {[%clk 0:24:17]} 28. Rxh1
{[%clk 0:12:30]} Rxd7 {[%clk 0:21:23]} 29. a3 {[%clk 0:06:17]} Kg7
{[%clk 0:18:24]} 30. Qa8 {[%clk 0:04:37]} Rd8 {[%clk 0:18:46]} 31. Qxb7
{[%clk 0:04:09]} Rb8 {[%clk 0:18:31]} 32. Rh7+ {[%clk 0:03:47]} Kxh7
{[%clk 0:18:57]} 33. Qxf7+ {[%clk 0:04:12]} Kh8 {[%clk 0:15:30]} 34. Qxc4
{[%clk 0:04:34]} Qxa3 {[%clk 0:15:42]} 35. Qc2 {[%clk 0:03:35]} Qxf3
{[%clk 0:15:12]} 36. Qxc6 {[%clk 0:03:51]} Qxf2 {[%clk 0:14:26]} 0-1

[Event "Reykjavik Open 2014"]
[Site "Harpa - reykjavik"]
[Date "2014.03.05"]
[Round "3.12"]
[White "Olafsson, Helgi"]
[Black "Ptacnikova, Lenka"]
[Result "1-0"]
[LiveChessVersion "1.4.2"]
[BlackElo "2239"]
[WhiteElo "2546"]

1. c4 {[%clk 1:30:51]} c5 {[%clk 1:29:46]} 2. Nf3 {[%clk 1:30:45]} Nf6
{[%clk 1:28:48]} 3. Nc3 {[%clk 1:30:37]} d5 {[%clk 1:28:17]} 4. cxd5
{[%clk 1:29:55]} Nxd5 {[%clk 1:28:39]} 5. d4 {[%clk 1:28:54]} Nxc3
{[%clk 1:24:47]} 6. bxc3 {[%clk 1:29:16]} g6 {[%clk 1:24:10]} 7. e4
{[%clk 1:29:27]} Bg7 {[%clk 1:24:23]} 8. Be3 {[%clk 1:28:48]} O-O
{[%clk 1:24:26]} 9. Qd2 {[%clk 1:28:45]} Qa5 {[%clk 1:23:51]} 10. Rc1
{[%clk 1:28:57]} Nc6 {[%clk 1:19:09]} 11. d5 {[%clk 1:28:57]} Ne5
{[%clk 1:18:29]} 12. Nxe5 {[%clk 1:27:22]} Bxe5 {[%clk 1:18:54]} 13. f4
{[%clk 1:26:39]} Bg7 {[%clk 1:19:05]} 14. c4 {[%clk 1:26:54]} Qc7
{[%clk 1:12:57]} 15. e5 {[%clk 1:13:47]} g5 {[%clk 0:57:25]} 16. g3
{[%clk 1:12:51]} Bf5 {[%clk 0:54:27]} 17. h4 {[%clk 1:09:15]} gxf4
{[%clk 0:52:42]} 18. gxf4 {[%clk 1:09:38]} Kh8 {[%clk 0:52:10]} 19. Bd3
{[%clk 1:09:11]} Bxd3 {[%clk 0:51:23]} 20. Qxd3 {[%clk 1:09:39]} e6
{[%clk 0:51:26]} 21. h5 {[%clk 1:09:10]} h6 {[%clk 0:51:28]} 22. Rg1
{[%clk 1:08:37]} f6 {[%clk 0:46:49]} 23. dxe6 {[%clk 1:04:43]} fxe5
{[%clk 0:27:17]} 24. f5 {[%clk 1:04:46]} e4 {[%clk 0:23:11]} 25. Qxe4
{[%clk 1:04:49]} Qe7 {[%clk 0:20:00]} 26. Rg6 {[%clk 1:00:18]} Rf6
{[%clk 0:19:59]} 27. Rb1 {[%clk 0:59:32]} Rxg6 {[%clk 0:17:43]} 28. hxg6
{[%clk 0:59:45]} Rb8 {[%clk 0:17:32]} 29. Bxh6 {[%clk 0:57:32]} Bxh6
{[%clk 0:16:57]} 30. Qe5+ {[%clk 0:57:54]} 1-0

[Event "Reykjavik Open 2014"]
[Site "Harpa - reykjavik"]
[Date "2014.03.05"]
[Round "3.13"]
[White "Cawdery, Daniel"]
[Black "Gretarsson, Hjorvar Steinn"]
[Result "1/2-1/2"]
[LiveChessVersion "1.4.2"]
[BlackElo "2511"]
[WhiteElo "2362"]

1. e4 {[%clk 1:30:58]} c5 {[%clk 1:29:34]} 2. Nf3 {[%clk 1:31:23]} e6
{[%clk 1:29:59]} 3. d4 {[%clk 1:31:43]} cxd4 {[%clk 1:30:25]} 4. Nxd4
{[%clk 1:32:10]} Nc6 {[%clk 1:30:49]} 5. Be2 {[%clk 1:31:53]} Nf6
{[%clk 1:29:48]} 6. Nc3 {[%clk 1:31:39]} Qc7 {[%clk 1:28:42]} 7. Be3
{[%clk 1:31:31]} a6 {[%clk 1:29:00]} 8. O-O {[%clk 1:31:57]} Bb4 {[%clk 1:29:13]}
9. Nxc6 {[%clk 1:31:43]} bxc6 {[%clk 1:29:20]} 10. Qd4 {[%clk 1:32:07]} c5
{[%clk 1:25:34]} 11. Qc4 {[%clk 1:32:20]} Bb7 {[%clk 1:22:47]} 12. a3
{[%clk 1:30:44]} d5 {[%clk 1:10:25]} 13. exd5 {[%clk 1:26:49]} exd5
{[%clk 1:09:12]} 14. Qh4 {[%clk 1:18:57]} Bxc3 {[%clk 1:06:41]} 15. bxc3
{[%clk 1:18:44]} O-O {[%clk 1:05:21]} 16. Rab1 {[%clk 1:07:30]} Rfe8
{[%clk 0:51:22]} 17. Bd3 {[%clk 0:55:25]} Qc6 {[%clk 0:42:14]} 18. Bxc5
{[%clk 0:36:02]} Qxc5 {[%clk 0:32:28]} 19. Rxb7 {[%clk 0:36:23]} Qxc3
{[%clk 0:31:21]} 20. Qg3 {[%clk 0:29:57]} Rec8 {[%clk 0:24:59]} 21. Qd6
{[%clk 0:27:53]} a5 {[%clk 0:20:02]} 22. h3 {[%clk 0:25:39]} Rc6 {[%clk 0:18:08]}
23. Qe7 {[%clk 0:23:25]} Rf8 {[%clk 0:18:30]} 24. Rb3 {[%clk 0:20:18]} Qd4
{[%clk 0:16:17]} 25. Re1 {[%clk 0:19:33]} g6 {[%clk 0:13:44]} 26. Qe3
{[%clk 0:19:01]} Qh4 {[%clk 0:11:09]} 27. Qf3 {[%clk 0:12:09]} Qd4
{[%clk 0:07:19]} 28. Qe3 {[%clk 0:12:08]} Qh4 {[%clk 0:06:48]} 1/2-1/2

[Event "Reykjavik Open 2014"]
[Site "Harpa - reykjavik"]
[Date "2014.03.05"]
[Round "3.14"]
[White "Danielsen, Henrik"]
[Black "Klundt, Klaus"]
[Result "1/2-1/2"]
[LiveChessVersion "1.4.2"]
[BlackElo "2341"]
[WhiteElo "2501"]

1. e4 {[%clk 1:29:29]} c5 {[%clk 1:30:40]} 2. d3 {[%clk 1:27:32]} Nc6
{[%clk 1:30:08]} 3. g3 {[%clk 1:26:48]} Nf6 {[%clk 1:28:49]} 4. Bg2
{[%clk 1:25:43]} e6 {[%clk 1:28:33]} 5. f4 {[%clk 1:21:46]} d5 {[%clk 1:28:12]}
6. e5 {[%clk 1:21:14]} Nd7 {[%clk 1:28:33]} 7. c4 {[%clk 1:21:34]} Nb6
{[%clk 1:26:31]} 8. b3 {[%clk 1:21:18]} a5 {[%clk 1:24:11]} 9. Nc3
{[%clk 1:15:58]} a4 {[%clk 1:20:57]} 10. Ba3 {[%clk 1:13:58]} Be7
{[%clk 1:14:56]} 11. Nge2 {[%clk 1:14:05]} O-O {[%clk 1:14:35]} 12. O-O
{[%clk 1:14:09]} axb3 {[%clk 1:12:57]} 13. axb3 {[%clk 1:14:27]} Nb4
{[%clk 1:10:04]} 14. Nb5 {[%clk 0:57:57]} Bd7 {[%clk 1:07:43]} 15. Bxb4
{[%clk 0:57:44]} Rxa1 {[%clk 1:05:52]} 16. Qxa1 {[%clk 0:58:06]} cxb4
{[%clk 1:04:27]} 17. Ned4 {[%clk 0:57:14]} Bxb5 {[%clk 0:46:37]} 18. Nxb5
{[%clk 0:57:33]} dxc4 {[%clk 0:46:55]} 19. dxc4 {[%clk 0:57:54]} Nd7
{[%clk 0:47:11]} 20. Rd1 {[%clk 0:50:25]} Qb6+ {[%clk 0:46:35]} 21. Kh1
{[%clk 0:50:31]} Nc5 {[%clk 0:46:24]} 22. Qb1 {[%clk 0:43:09]} Rd8
{[%clk 0:44:53]} 1/2-1/2

[Event "Reykjavik Open 2014"]
[Site "Harpa - reykjavik"]
[Date "2014.03.05"]
[Round "3.15"]
[White "Antal, Tibor Kende"]
[Black "Idani, Pouya"]
[Result "1/2-1/2"]
[LiveChessVersion "1.4.2"]
[BlackElo "2496"]
[WhiteElo "2325"]

1. Nf3 Nf6 2. g3 b5 3. Bg2 Bb7 4. d4 e6 5. O-O Be7 6. c3 O-O 7. Qd3 a6 8. Nbd2 d5
9. Ne5 c5 10. f4 cxd4 11. cxd4 Nc6 12. Nxc6 Bxc6 13. Nb3 b4 14. Be3 Ne4 15. Rfc1
Bb5 16. Qd1 Nd6 17. Nc5 Nc4 18. Bf2 Nxb2 19. Qb3 Nc4 20. Qxb4 Rb8 21. Rab1 Qc7
22. Qc3 Qc6 23. e4 Rbc8 24. Qe1 Bxc5 25. dxc5 Qa8 26. exd5 exd5 27. Qd1 Bc6 28.
Bd4 Rce8 29. Qd3 Qd8 30. Qc3 f6 31. Re1 Qd7 32. h3 Rxe1+ 33. Rxe1 Re8 34. Kh2
Rxe1 35. Qxe1 Kf7 36. Qb1 h6 37. Bf3 Nd2 38. Bh5+ Kg8 39. Qb8+ Kh7 40. Qf8 Qe6
41. f5 Qxf5 42. Bf7 Nf3+ 43. Kg2 Ne1+ 44. Kg1 Nf3+ 45. Kg2 Qc2+ 46. Bf2 Ne1+ 47.
Kg1 Nf3+ 48. Kg2 1/2-1/2

[Event "Reykjavik Open 2014"]
[Site "Harpa - reykjavik"]
[Date "2014.03.05"]
[Round "3.16"]
[White "Vojinovic, Jovana"]
[Black "Colovic, Aleksandar"]
[Result "1/2-1/2"]
[LiveChessVersion "1.4.2"]
[BlackElo "2493"]
[WhiteElo "2323"]

1. d4 {[%clk 1:26:23]} Nf6 {[%clk 1:30:44]} 2. c4 {[%clk 1:26:38]} e6
{[%clk 1:31:04]} 3. Nc3 {[%clk 1:23:34]} c5 {[%clk 1:31:15]} 4. d5
{[%clk 1:23:58]} exd5 {[%clk 1:31:41]} 5. cxd5 {[%clk 1:24:19]} g6
{[%clk 1:31:58]} 6. Nf3 {[%clk 1:23:13]} d6 {[%clk 1:32:02]} 7. Bf4
{[%clk 1:22:01]} a6 {[%clk 1:25:55]} 8. a4 {[%clk 1:21:45]} Bg7 {[%clk 1:26:21]}
9. h3 {[%clk 1:20:27]} O-O {[%clk 1:26:47]} 10. e3 {[%clk 1:20:53]} Qe7
{[%clk 1:24:28]} 11. Be2 {[%clk 1:21:15]} Nbd7 {[%clk 1:24:53]} 12. O-O
{[%clk 1:21:38]} Rb8 {[%clk 1:19:22]} 13. a5 {[%clk 1:09:58]} Ne8
{[%clk 1:15:28]} 14. Qb3 {[%clk 1:04:28]} h6 {[%clk 1:10:51]} 15. Bh2
{[%clk 1:04:14]} f5 {[%clk 1:09:10]} 16. Rfe1 {[%clk 1:02:49]} g5
{[%clk 0:57:21]} 1/2-1/2

[Event "Reykjavik Open 2014"]
[Site "Harpa - reykjavik"]
[Date "2014.03.05"]
[Round "3.17"]
[White "Englert, Fabian"]
[Black "Harika, Dronavalli"]
[Result "0-1"]
[WhiteElo "2317"]
[BlackElo "2487"]
[Annotator "peturla"]
[PlyCount "96"]
[EventDate "2014.??.??"]
[TimeControl "6000+1200"]
[WhiteClock "0:13:00"]
[BlackClock "0:06:08"]

1. e4 e5 2. Nf3 Nc6 3. Bc4 Nf6 4. d3 Bc5 5. c3 O-O 6. Bb3 d5 7. Nbd2 Be6 8. O-O
h6 9. h3 a6 10. Re1 Re8 11. Nf1 Qd7 12. Qe2 Rad8 13. Ng3 b5 14. Be3 Bf8 15.
Rad1 d4 16. Bxe6 Qxe6 17. cxd4 Nxd4 18. Nxd4 exd4 19. Bf4 c5 20. b3 a5 21. Bd2
Qa6 22. a4 bxa4 23. bxa4 Nd7 24. Rb1 Nb6 25. Rb5 Nxa4 26. Rxa5 Qc6 27. Rc1 Ra8
28. Nf5 Rxa5 29. Bxa5 Qa6 30. Bd2 Qe6 31. Qd1 Ra8 32. Qc2 Nb6 33. Rb1 Ra2 34.
Rb2 Rxb2 35. Qxb2 Kh7 36. f4 g6 37. Nh4 Bg7 38. f5 Qc6 39. Ba5 Nd7 40. fxg6+
fxg6 41. Qe2 c4 42. dxc4 Qc5 43. Qa2 Ne5 44. Be1 d3+ 45. Qf2 Qxc4 46. Qe3 Ng4
47. Qg3 d2 48. Bxd2 Bd4+ 0-1

[Event "Reykjavik Open 2014"]
[Site "Harpa - reykjavik"]
[Date "2014.03.05"]
[Round "3.18"]
[White "Bisby, Daniel L"]
[Black "Shoker, Samy"]
[Result "1-0"]
[WhiteElo "2314"]
[BlackElo "2466"]
[Annotator "peturla"]
[PlyCount "43"]
[EventDate "2014.??.??"]
[TimeControl "5400+620"]
[WhiteClock "0:26:02"]
[BlackClock "0:27:44"]

1. e4 d6 2. d4 Nf6 3. Nc3 g6 4. Bg5 h6 5. Bxf6 exf6 6. f4 f5 7. e5 c6 8. Nf3
Be6 9. Qd2 g5 10. d5 cxd5 11. O-O-O Nc6 12. Bb5 a6 13. Ba4 Bg7 14. Nxd5 dxe5
15. Nxe5 Rc8 16. Nxc6 bxc6 17. Qb4 a5 18. Qc5 gxf4 19. Rhe1 h5 20. Bxc6+ Rxc6
21. Qxc6+ Kf8 22. Qc5+ 1-0

[Event "Reykjavik Open 2014"]
[Site "Harpa - reykjavik"]
[Date "2014.03.05"]
[Round "3.19"]
[White "Hauge, Lars Oskar"]
[Black "Panjwani, Raja"]
[Result "0-1"]
[LiveChessVersion "1.4.2"]
[BlackElo "2460"]
[WhiteElo "2308"]

1. e4 g6 2. d4 Bg7 3. Nc3 c6 4. Nf3 d6 5. Be3 Qb6 6. Rb1 Qc7 7. Be2 Nd7 8. O-O
Ngf6 9. Nd2 b5 10. a4 a6 11. f4 Nb6 12. a5 Nbd7 13. e5 Nd5 14. Nxd5 cxd5 15. Nb3
O-O 16. Bd3 Nb8 17. Qf3 Nc6 18. Qxd5 Bb7 19. exd6 exd6 20. Qg5 Nb4 21. f5 Nxd3
22. f6 Bh8 23. cxd3 Qc2 24. Nd2 Qxd3 25. Rbe1 Rfe8 26. Bf2 h6 27. Qxh6 Bxf6 28.
Qf4 Rxe1 29. Rxe1 Kg7 30. Rf1 Re8 31. Qxd6 Re2 32. Nf3 Rxb2 33. Qf4 Rb1 34. Ne1
Qe4 35. Qd2 Bd5 36. Be3 Bc4 37. Rf4 Qd3 38. Qf2 Qd1 39. Bd2 Bg5 40. h4 Bxf4 41.
Qxf4 Qe2 0-1

[Event "Reykjavik Open 2014"]
[Site "Harpa - reykjavik"]
[Date "2014.03.05"]
[Round "3.20"]
[White "Hamitevici, Vladimir"]
[Black "Kvisvik, Brede"]
[Result "1/2-1/2"]
[LiveChessVersion "1.4.2"]
[BlackElo "2257"]
[WhiteElo "2456"]

1. d4 {[%clk 1:23:58]} d5 {[%clk 1:30:53]} 2. c4 {[%clk 1:24:22]} dxc4
{[%clk 1:31:17]} 3. e3 {[%clk 1:24:33]} Nf6 {[%clk 1:31:33]} 4. Bxc4
{[%clk 1:24:44]} e6 {[%clk 1:31:52]} 5. Nf3 {[%clk 1:24:58]} a6 {[%clk 1:32:18]}
6. O-O {[%clk 1:25:08]} b5 {[%clk 1:32:38]} 7. Be2 {[%clk 1:24:39]} Bb7
{[%clk 1:32:41]} 8. Nc3 {[%clk 1:24:07]} Nbd7 {[%clk 1:31:12]} 9. b3
{[%clk 1:19:40]} c5 {[%clk 1:28:04]} 10. Bb2 {[%clk 1:19:15]} Be7
{[%clk 1:26:13]} 11. Rc1 {[%clk 1:11:33]} O-O {[%clk 1:24:38]} 12. Qd3
{[%clk 1:09:17]} Qb6 {[%clk 1:14:27]} 13. Rfd1 {[%clk 1:06:59]} Rfd8
{[%clk 1:13:55]} 14. Qb1 {[%clk 1:06:52]} Rac8 {[%clk 1:12:00]} 15. Qa1
{[%clk 1:01:52]} Qa7 {[%clk 1:07:43]} 16. a4 {[%clk 0:56:43]} b4 {[%clk 1:04:54]}
17. Nb1 {[%clk 0:57:06]} Qa8 {[%clk 1:01:02]} 18. Nbd2 {[%clk 0:52:08]} Bf8
{[%clk 0:52:39]} 19. Bf1 {[%clk 0:36:26]} cxd4 {[%clk 0:36:46]} 20. Rxc8
{[%clk 0:35:32]} Rxc8 {[%clk 0:36:12]} 21. Bxd4 {[%clk 0:35:46]} Nd5
{[%clk 0:31:34]} 22. Nc4 {[%clk 0:34:28]} Nc5 {[%clk 0:31:15]} 23. Nfd2
{[%clk 0:23:47]} Qb8 {[%clk 0:22:10]} 24. Be5 {[%clk 0:11:59]} Qa7
{[%clk 0:22:21]} 25. Bd4 {[%clk 0:11:20]} Qb8 {[%clk 0:20:14]} 26. Be5
{[%clk 0:09:45]} Qa7 {[%clk 0:20:39]} 27. Bd4 {[%clk 0:08:29]} 1/2-1/2